00616nam a2200181Ia 4500008004100000082001500041100002200056245003900078250000800117260002900125300000800154500002400162650001600186942000700202952010400209952010400313999001700417230524s9999 xx 000 0 und d a384.5bSTA aWilliam Stallings 0aWireless Communications & Networks a1ST aNEW DELHIbPearsonc2005 a598 aQuantity Number: 2 aElectronics cBK 00104070aTATCLbTATCLcGENd2023-05-24l0o384.5 STAp6174r2023-05-24w2023-05-24yBKzPEEC5409 00104070aTATCLbTATCLcGENd2023-05-24l0o384.5 STAp6175r2023-05-24w2023-05-24yBKzPEEC5409 c26410d26410